| 000 | 01011nam0a22002771 4500 | ||
|---|---|---|---|
| 001 | rc\4588231 | ||
| 005 | 20250611201904.0 | ||
| 035 | _a(NLR Aleph) 008382424 | ||
| 090 |
_a9126166 _c9126166 |
||
| 100 | _a20130416d1962 |||y0rusy50 ca | ||
| 101 | 0 | _arus | |
| 102 | _aRU | ||
| 105 | _aa z ||||| | ||
| 200 | 1 |
_aСверхвысокочастотные элементы [конструкций ЛБВ] _fГос. ком. Совета Министров СССР по радиоэлектронике |
|
| 210 |
_aМосква _cБ. и. _d1962 |
||
| 215 |
_a11 с. _cил. _d20 |
||
| 225 | 1 |
_aИностранная радиоэлектронная техника и промышленность _vП-13166 |
|
| 300 | _aПер. из: "Space / Aeronautics", 1960, v. 34, XII, № 6 | ||
| 300 | _aНа обл. авт. не указаны | ||
| 700 | 0 | _aМендель | |
| 701 | 0 | _aОсаки | |
| 801 | 0 |
_aRU _bNLR _gpsbo |
|
| 801 | 1 |
_aRU _bELAR _2rusmarc |
|
| 852 |
_aNLR _j62-4/12335 |
||
| 942 | _cBOOK | ||
| 980 | _aNB | ||